| 000 | 00385nam a22001697a 4500 | ||
|---|---|---|---|
| 003 | SGT | ||
| 020 | _a970-93-5025-039-6 | ||
| 082 |
_a616.75 _bC15C |
||
| 100 | _aCHUGH,SN | ||
| 245 | _aCLINICAL METHODS IN MEDICINE | ||
| 250 | _a2ND | ||
| 260 |
_aNEW DELHI _bJAYPEE PUB _c2015 |
||
| 300 | _a564 | ||
| 650 | _aAYURVEDA | ||
| 653 | _aCLINICAL,METHODS, MEDICINE | ||
| 942 |
_2ddc _cBK _017 |
||
| 999 |
_c16913 _d16913 |
||